| 000 | 01695cam a2200445 a 4500 | ||
|---|---|---|---|
| 003 | OCoLC | ||
| 005 | 20241220120742.0 | ||
| 008 | 050713s2006 nyua b 000 1 eng | ||
| 001 | ocm61211193 | ||
| 010 | _a 2005020044 | ||
| 020 | _a0805079513 (hc : alk. paper) | ||
| 020 | _a9780805079517 | ||
| 029 | 1 |
_aYDXCP _b2494782 |
|
| 035 | _a(Sirsi) i9780805079517 | ||
| 035 | _a(OCoLC)61211193 | ||
| 040 |
_aDLC _cDLC _dBAKER _dASC _dVP@ _dC#P _dBTCTA _dYDXCP _dEHH _dUINTA |
||
| 042 | _alcac | ||
| 049 | _aUCLB | ||
| 050 | 0 | 0 |
_aPZ7.H5686 _bChi 2006 |
| 082 | 0 | 0 |
_a[E] _222 |
| 092 | _aHIMMELMAN | ||
| 100 | 1 |
_aHimmelman, John. _915459 |
|
| 245 | 1 | 0 |
_aChickens to the rescue / _cJohn Himmelman. |
| 260 |
_aNew York : _bH. Holt, _cc2006. |
||
| 300 |
_a[32] p. : _bcol. ill. ; _c21 x 27 cm. |
||
| 520 | _aSix days a week the chickens help the Greenstalk family and their animals recover from mishaps that occur on the farm, but they need one day to rest. | ||
| 650 | 1 |
_aChickens _vFiction. _95686510 |
|
| 650 | 0 |
_aFarms _vJuvenile fiction. _95689463 |
|
| 650 | 0 |
_aDomestic animals _vJuvenile fiction. _95674953 |
|
| 650 | 0 |
_aDays _vJuvenile fiction. _95707460 |
|
| 650 | 0 |
_aHumorous stories _vJuvenile fiction. _95689386 |
|
| 938 |
_aBaker & Taylor _bBKTY _c16.95 _d16.95 _i0805079513 _n0006549048 _sactive |
||
| 938 |
_aBaker and Taylor _bBTCP _n2005020044 |
||
| 938 |
_aYBP Library Services _bYANK _n2494782 |
||
| 942 |
_cBOOK _0113 |
||
| 994 |
_aC0 _bUINTA |
||
| 856 | 4 | 2 |
_3Contributor biographical information _uhttp://www.loc.gov/catdir/enhancements/fy0643/2005020044-b.html |
| 856 | 4 | 2 |
_3Publisher description _uhttp://www.loc.gov/catdir/enhancements/fy0643/2005020044-d.html |
| 998 | _aa103578 | ||
| 999 |
_c47752 _d47752 |
||